000 01103cam a22003611 4500
001 4531080
003 DO-SdBNP
005 20180305095829.0
008 800929s 1990 xxu a 000 1 spa
010 _a
020 _a0140542531
040 _aBPMSU
_c spa
_dBPMSU
041 1 _a
043 _a
050 0 0 _a
_b
082 4 _a xxx
_2
_bxxx
100 1 0 _aLeaf, Munro,
_d1905-1976.
240 1 0 _aStory of Ferdinand.
_lSpanish
245 1 3 _aEl cuento de Ferdinando /
_cMunro Leaf ; ilustraciones Robert Lawson. Traducción Pura Belpré.
260 _aNueva York :
_bPuffin books,
_c1990.
300 _a[72] p. :
_bil. ;
_c21 cm.
490 1 _aDejame leer
520 _aA gentle bull who likes to sit quietly and smell flowers is entered in a bullfight.
650 1 _aBulls
_xFiction.
650 1 _aSpanish language materials.
651 1 _aSpain
_xFiction.
700 1 2 _aLawson, Robert,
_d1892-1957.
_eil.
700 1 2 _aBelpré, Pura,
_etrad.
830 0 _aDejame leer
942 _2ddc
_cBK
945 _aInventariado, 2018/ YL
956 _aVMATEO
_b10
_c20170116
_dBPMSU
_f0069
999 _c12475
_d12475